[Event "Titled Tuesday intern op 10th Jan Late"]
[Site "Chess.com INT"]
[Date "2023.01.10"]
[Round "10"]
[White "Borges Feria, Yasel"]
[Black "Hansen, Eric"]
[Result "1-0"]
[WhiteElo "2439"]
[BlackElo "2609"]
[PlyCount "145"]
[EventDate "2023.01.10"]
[EventType "swiss (blitz)"]
[EventRounds "11"]
[EventCountry "USA"]
[SourceTitle "EXT 2024"]
[Source "ChessBase"]
[SourceDate "2023.10.10"]
[SourceVersion "1"]
[SourceVersionDate "2023.10.10"]
[SourceQuality "1"]

1. d4 Nf6 2. c4 e6 3. Nf3 Bb4+ 4. Bd2 Be7 5. Nc3 d5 6. cxd5 exd5 7. Bg5 c6 8. e3 Bf5 9. Bd3 Bg6 10. 0-0 Nbd7 11. Rb1 a5 12. Re1 0-0 13. Bxg6 hxg6 14. Bxf6 gxf6 15. Qd3 f5 16. g3 Bd6 17. a3 Re8 18. Kg2 Nf6 19. Rec1 Kg7 20. h4 Ne4 21. Ne2 Qe7 22. Rh1 Rh8 23. Nf4 Rae8 24. Rbe1 Qd8 25. Qc2 Qc7 26. Rc1 Qb8 27. Rb1 Nf6 28. b4 axb4 29. axb4 Ng4 30. Rb3 Qa7 31. b5 Bxf4 32. exf4 Re6 33. bxc6 bxc6 34. Qb2 Qa6 35. Ne5 Nxe5 36. dxe5 c5 37. Rc1 c4 38. Ra3 Qc6 39. Qd4 Ra8 40. Rxa8 Qxa8 41. Rd1 Qc8 42. Qxd5 c3 43. Rc1 c2 44. Qd3 Rc6 45. Kh2 Rc4 46. Qe2 Qc5 47. Kg1 Rc3 48. Kh2 Qc6 49. Kg1 Kh6 50. Kh2 Rc5 51. Kg1 Qb7 52. Kh2 Qc8 53. Kg1 Rc3 54. Kh2 Qc5 55. Kg2 Qd5+ 56. Kh2 Qb3 57. Kg2 Qb2 58. Qd2 Qxc1 59. Qxc1 Kh7 60. f3 Rc4 61. Kf2 Rc8 62. Ke3 Kg7 63. Kd3 f6 64. exf6+ Kxf6 65. Qxc2 Rxc2 66. Kxc2 Ke6 67. Kc3 Kd5 68. Kd3 Kc5 69. g4 Kd5 70. Ke3 Ke6 71. Kd4 Kd6 72. h5 Ke6 73. hxg6 1-0

[Event "Titled Tuesday intern op 10th Jan Early"]
[Site "Chess.com INT"]
[Date "2023.01.10"]
[Round "6"]
[White "Eljanov, Pavel"]
[Black "Borges Feria, Yasel"]
[Result "1-0"]
[WhiteElo "2706"]
[BlackElo "2439"]
[PlyCount "91"]
[EventDate "2023.01.10"]
[EventType "swiss (blitz)"]
[EventRounds "11"]
[EventCountry "USA"]
[SourceTitle "EXT 2024"]
[Source "ChessBase"]
[SourceDate "2023.10.10"]
[SourceVersion "1"]
[SourceVersionDate "2023.10.10"]
[SourceQuality "1"]

1. e4 e5 2. Nf3 Nc6 3. Nc3 Nf6 4. d4 exd4 5. Nxd4 Bb4 6. Nxc6 bxc6 7. Bd3 d5 8. exd5 cxd5 9. 0-0 0-0 10. h3 c6 11. Qf3 Re8 12. Bf4 Bd6 13. Rfe1 Rxe1+ 14. Rxe1 Bxf4 15. Qxf4 Be6 16. Na4 Qa5 17. c3 Rd8 18. Qd4 Nd7 19. b3 c5 20. Qh4 Nf6 21. Qf4 h6 22. Bf5 Bxf5 23. Qxf5 c4 24. Rd1 cxb3 25. axb3 Qb5 26. Qc2 Rb8 27. b4 a5 28. Rd4 axb4 29. cxb4 Ne4 30. f3 Nf6 31. Nc5 Ra8 32. Qb2 Rc8 33. Qd2 Ra8 34. Kh2 Ra1 35. Nd3 Ra8 36. Nf4 Rd8 37. h4 Qb8 38. Kh1 Qb5 39. Ne2 Qb8 40. Nc3 Qb7 41. Ne4 Nxe4 42. fxe4 Qe7 43. exd5 Qd6 44. b5 Ra8 45. Qc3 Rb8 46. Rc4 1-0

[Event "Titled Tuesday intern op 10th Jan Late"]
[Site "Chess.com INT"]
[Date "2023.01.10"]
[Round "6"]
[White "Richter, Paul"]
[Black "Borges Feria, Yasel"]
[Result "1-0"]
[WhiteElo "2171"]
[BlackElo "2439"]
[PlyCount "101"]
[EventDate "2023.01.10"]
[EventType "swiss (blitz)"]
[EventRounds "11"]
[EventCountry "USA"]
[SourceTitle "EXT 2024"]
[Source "ChessBase"]
[SourceDate "2023.10.10"]
[SourceVersion "1"]
[SourceVersionDate "2023.10.10"]
[SourceQuality "1"]

1. e4 c6 2. Nc3 d5 3. Nf3 Bg4 4. h3 Bxf3 5. Qxf3 e6 6. g3 Nf6 7. Bg2 d4 8. Ne2 e5 9. 0-0 Be7 10. g4 Nfd7 11. c3 c5 12. b4 Nc6 13. bxc5 Bxc5 14. Rb1 b6 15. cxd4 Nxd4 16. Nxd4 Bxd4 17. Ba3 Nc5 18. Kh1 0-0 19. Qg3 Qd7 20. f4 exf4 21. Qxf4 Rad8 22. Rbd1 g6 23. Bxc5 Bxc5 24. e5 Qd4 25. Qg3 Rfe8 26. Rfe1 Bf8 27. Re4 Qb2 28. Qf4 Qxa2 29. d4 Bg7 30. Re3 Qa4 31. Rf1 Qxd4 32. Qxf7+ Kh8 33. Re4 Qc5 34. e6 Re7 35. Qf3 Rde8 36. Qe2 b5 37. Rf7 b4 38. Rxe7 Qxe7 39. Qb5 Bc3 40. Bf3 Kg7 41. Kg2 Rd8 42. Rc4 Rd2+ 43. Kf1 Qf6 44. Rc7+ Kh6 45. g5+ Qxg5 46. Qxg5+ Kxg5 47. e7 Rd3 48. e8Q Rxf3+ 49. Kg2 Rf5 50. Qe7+ Bf6 51. Qxh7 1-0

[Event "Titled Tuesday intern op 10th Jan Late"]
[Site "Chess.com INT"]
[Date "2023.01.10"]
[Round "3"]
[White "Vachier Lagrave, Maxime"]
[Black "Borges Feria, Yasel"]
[Result "0-1"]
[WhiteElo "2737"]
[BlackElo "2439"]
[PlyCount "72"]
[EventDate "2023.01.10"]
[EventType "swiss (blitz)"]
[EventRounds "11"]
[EventCountry "USA"]
[SourceTitle "EXT 2024"]
[Source "ChessBase"]
[SourceDate "2023.10.10"]
[SourceVersion "1"]
[SourceVersionDate "2023.10.10"]
[SourceQuality "1"]

1. d4 Nf6 2. c4 e6 3. Nc3 Bb4 4. Nf3 b6 5. g3 Bb7 6. Bg2 Bxc3+ 7. bxc3 0-0 8. 0-0 d6 9. Re1 Re8 10. a4 a5 11. c5 Nbd7 12. cxd6 cxd6 13. Ba3 Qc7 14. Rc1 Rac8 15. c4 h6 16. e3 e5 17. Nh4 Bxg2 18. Kxg2 g6 19. Nf3 Nf8 20. Qb3 Ne4 21. Qb1 Qc6 22. Qb5 Qb7 23. Qd5 Qc6 24. dxe5 dxe5 25. Bb2 Qxd5 26. cxd5 f6 27. Rc6 Rxc6 28. dxc6 Rc8 29. Rc1 Ne6 30. Ba3 N4c5 31. Nd2 Rxc6 32. Ne4 Kf7 33. Nc3 Nd3 34. Rb1 Rxc3 35. Bd6 Rc6 36. Bb8 Nb4 0-1

[Event "Titled Tuesday intern op 03rd Jan Early"]
[Site "Chess.com INT"]
[Date "2023.01.03"]
[Round "11"]
[White "Bodnaruk, Anastasia"]
[Black "Borges Feria, Yasel"]
[Result "1-0"]
[WhiteElo "2343"]
[BlackElo "2439"]
[PlyCount "55"]
[EventDate "2023.01.03"]
[EventType "swiss (blitz)"]
[EventRounds "11"]
[EventCountry "USA"]
[SourceTitle "EXT 2024"]
[Source "ChessBase"]
[SourceDate "2023.10.10"]
[SourceVersion "1"]
[SourceVersionDate "2023.10.10"]
[SourceQuality "1"]

1. e4 e5 2. Nf3 Nc6 3. Bb5 a6 4. Ba4 Nf6 5. 0-0 Be7 6. Re1 b5 7. Bb3 d6 8. c3 0-0 9. h3 a5 10. a4 b4 11. d4 bxc3 12. bxc3 exd4 13. Nxd4 Nxd4 14. cxd4 Bb7 15. Nc3 d5 16. e5 Ne4 17. Nxe4 dxe4 18. d5 Qd7 19. Rxe4 Rad8 20. Rd4 Qf5 21. Qe2 Rfe8 22. Rf4 Qg6 23. Bc2 Qb6 24. Rb1 Qa7 25. Bxh7+ Kxh7 26. Qh5+ Kg8 27. Qxf7+ Kh7 28. Rf5 1-0

[Event "Titled Tuesday intern op 03rd Jan Early"]
[Site "Chess.com INT"]
[Date "2023.01.03"]
[Round "6"]
[White "Borges Feria, Yasel"]
[Black "Filgueira, Hernan"]
[Result "1-0"]
[WhiteElo "2439"]
[BlackElo "2283"]
[PlyCount "115"]
[EventDate "2023.01.03"]
[EventType "swiss (blitz)"]
[EventRounds "11"]
[EventCountry "USA"]
[SourceTitle "EXT 2024"]
[Source "ChessBase"]
[SourceDate "2023.10.10"]
[SourceVersion "1"]
[SourceVersionDate "2023.10.10"]
[SourceQuality "1"]

1. e4 d6 2. d4 Nf6 3. Nc3 c6 4. Bg5 Qa5 5. Qd2 h6 6. Bxf6 exf6 7. f3 Nd7 8. Nge2 Be7 9. Ng3 g6 10. 0-0-0 h5 11. Kb1 a6 12. h4 Qc7 13. Nge2 b5 14. Nc1 Nb6 15. Re1 b4 16. Nd1 c5 17. Ne3 Bb7 18. Nc4 Kf8 19. Nxb6 Qxb6 20. Bc4 Rc8 21. Rd1 Kg7 22. Nb3 a5 23. dxc5 dxc5 24. Nc1 Rhd8 25. Qe2 Rxd1 26. Rxd1 Rd8 27. Bd5 Ba6 28. Qe3 Qc7 29. f4 c4 30. Qf3 c3 31. b3 a4 32. g3 axb3 33. Bxb3 Rd2 34. e5 Be2 35. exf6+ Bxf6 36. Qxe2 Rxe2 37. Nxe2 Qa7 38. Nc1 Qf2 39. Rd7 Bd4 40. Rxf7+ Kh6 41. Rd7 g5 42. fxg5+ Kg6 43. a4 Be3 44. Nd3 Kf5 45. Ka2 Kg4 46. g6 Bd4 47. g7 Bxg7 48. Rxg7+ Kh3 49. Rg5 Qd2 50. Nxb4 Qc1 51. Nd3 Qe3 52. Rxh5 Qxg3 53. Rc5 Qg1 54. Rxc3 Kxh4 55. Rc4+ Kg5 56. a5 Qa7 57. Ra4 Kf6 58. a6 1-0

[Event "Titled Tuesday intern op 03rd Jan Early"]
[Site "Chess.com INT"]
[Date "2023.01.03"]
[Round "8"]
[White "Borges Feria, Yasel"]
[Black "Renjith, Sravan"]
[Result "1-0"]
[WhiteElo "2439"]
[BlackElo "2172"]
[PlyCount "59"]
[EventDate "2023.01.03"]
[EventType "swiss (blitz)"]
[EventRounds "11"]
[EventCountry "USA"]
[SourceTitle "EXT 2024"]
[Source "ChessBase"]
[SourceDate "2023.10.10"]
[SourceVersion "1"]
[SourceVersionDate "2023.10.10"]
[SourceQuality "1"]

1. e4 e5 2. Nf3 Nc6 3. Bb5 Nf6 4. Bxc6 dxc6 5. d3 Bd6 6. Nbd2 0-0 7. b3 Be6 8. Bb2 Nd7 9. 0-0 f6 10. a4 Qe7 11. Nh4 g6 12. Nhf3 Rae8 13. Re1 b6 14. d4 c5 15. c3 cxd4 16. cxd4 exd4 17. Nxd4 Nc5 18. Nxe6 Qxe6 19. Qc2 Rd8 20. Rad1 Nd3 21. Rf1 Bc5 22. e5 Qg4 23. h3 Qe2 24. Qc4+ Rf7 25. e6 Re7 26. Bxf6 Nxf2 27. Qxe2 Ne4+ 28. Kh2 Bd6+ 29. g3 Nxg3 30. Bxe7 1-0

[Event "Titled Tuesday intern op 03rd Jan Late"]
[Site "Chess.com INT"]
[Date "2023.01.03"]
[Round "11"]
[White "Borges Feria, Yasel"]
[Black "Rodriguez Fontecha, Marcos"]
[Result "1-0"]
[WhiteElo "2439"]
[BlackElo "2309"]
[PlyCount "121"]
[EventDate "2023.01.03"]
[EventType "swiss (blitz)"]
[EventRounds "11"]
[EventCountry "USA"]
[SourceTitle "EXT 2024"]
[Source "ChessBase"]
[SourceDate "2023.10.10"]
[SourceVersion "1"]
[SourceVersionDate "2023.10.10"]
[SourceQuality "1"]

1. e4 e6 2. d3 d5 3. Qe2 Be7 4. Nf3 Nf6 5. g3 Nc6 6. c3 dxe4 7. dxe4 e5 8. Bg2 a5 9. 0-0 0-0 10. Rd1 Qe8 11. Qc2 b6 12. h3 Ba6 13. Be3 Rd8 14. Ne1 Rxd1 15. Qxd1 Qc8 16. Nd2 Rd8 17. Qc2 Qe6 18. Ndf3 h6 19. Nh4 Bf8 20. b3 Nd7 21. Rd1 Nc5 22. Rxd8 Nxd8 23. Nf5 Qd7 24. h4 Nde6 25. Qd2 Qxd2 26. Bxd2 a4 27. b4 Nd3 28. Nxd3 Bxd3 29. a3 c5 30. f3 f6 31. Bh3 Nc7 32. Ne3 Nb5 33. Bd7 Nxa3 34. Bxa4 Kf7 35. Kf2 cxb4 36. cxb4 Nb1 37. Be1 Ke6 38. Nd5 b5 39. Nc7+ Kd7 40. Bxb5+ Bxb5 41. Nxb5 Kc6 42. Nc3 Na3 43. Nd5 Nc2 44. h5 Kb5 45. Nc7+ Kc4 46. Ne6 Nxe1 47. Kxe1 Bxb4+ 48. Ke2 f5 49. exf5 Kd5 50. Kd3 Be7 51. g4 Bf6 52. Nc7+ Kd6 53. Nb5+ Kd5 54. Nc3+ Kc6 55. Ke4 Kc5 56. Nd5 Kd6 57. Ne3 Ke7 58. Nc4 Kf7 59. Nxe5+ Ke7 60. f4 Bh4 61. Ng6+ 1-0